İstanbul'daki Venedikliler (Record no. 1483)

MARC details
000 -BAŞLIK
Sabit Uzunlukta Kontrol Alanı 01314na a2200325 4500
001 - KONTROL NUMARASI
Denetim Alanı 13728
003 - KONTROL NUMARASI IDENTIFIER
Denetim Alanı MIRAKIL
005 - SON İŞLEM TARİHİ VE ZAMANI
Denetim Alanı 20181213154824.0
008 - SABİT-BOY VERİ ELEMANLARI - GENEL BİLGİLER
Sabit Uzunlukta Kontrol Alanı 160919b tu 000 0
020 ## - ULUSLARARASI STANDART KİTAP NUMARASI
Uluslararası Standart Kitap Numarası 9786053604525
035 ## - SİSTEM KONTROL NUMARASI
Sistem Kontrol Numarası 13728
040 ## - KATALOGLAMA KAYNAK
Orijinal Kataloglama Ajansı Milas
Kataloglama Dili tur
Metne Dönüştürmek Ajansı TR-AnCHP
082 ## - DEWEY ONLU SINIFLANDIRMA NUMARASI
Sınıflandırma Numarası 305.8951
Ürün Numarası D86i 2012
090 ## - SINIFLAMA NUMARASI
Sınıflama Numarası 305.8951 D86i 2012
100 ## - ANA GİRİŞ - KİŞİSEL İSİM
Kişisel Ad Dursteler, Eric R.
245 ## - BAŞLIK TABLOSU
Başlık İstanbul'daki Venedikliler
Başlığın Kalan Yeniçağ başlarında Akdeniz'de millet, kimlik ve bir arada varoluş
Sorumluluk Tablosu, Vb Eric R.Dursteler ; çeviren Taciser Ulaş Belge
246 ## - UNVAN FORM VARYING
Başlık Doğru / Kısa Başlığı Yeniçağ başlarında Akdeniz'de millet, kimlik ve bir arada varoluş
260 ## - YAYIN, DAĞITIM, VB
Yayın, Dağıtım, Vb Yeri İstanbul
Yayıncı, Dağıtıcı, Vs Adı Türkiye iş bankası kültür yayınları
Yayın, Dağıtım, Vb Tarihi 2012
300 ## - FİZİKSEL TANIM
Kapsam 377 s.
Boyutlar 23 sm.
490 ## - SERİSİ TABLOSU
Seri Beyanı Türkiye İş Bankası Kültür Yayınları
Hacim / Ardışık Tanımı 2406
500 ## - GENEL NOT
Genel Not Özgün yapıt adı : Venetians in Constantinople : Nation, indentity, and coexistence in the early modern Mediterranean
504 ## - KAYNAKÇA VB NOT
Kaynakça Vb Notu Kaynakça ve dizin var.
650 ## - KONU KATMA GİRİŞ - TOPİKAL DÖNEM
Topikal Süreli Veya Coğrafi Ad Giriş Elemanı Azınlıklar
Kronolojik Alt Bölümü 17. yüzyıl
Coğrafi Alt Bölümü İstanbul
650 ## - KONU KATMA GİRİŞ - TOPİKAL DÖNEM
Topikal Süreli Veya Coğrafi Ad Giriş Elemanı Venedik (Italya)
Genel Alt Bölümü Ticaret
Kronolojik Alt Bölümü Tarih
Coğrafi Alt Bölümü İstanbul
650 ## - KONU KATMA GİRİŞ - TOPİKAL DÖNEM
Topikal Süreli Veya Coğrafi Ad Giriş Elemanı Venedikliler
Genel Alt Bölümü Sosyo ekonomik durum
Kronolojik Alt Bölümü Tarih
Coğrafi Alt Bölümü İstanbul
650 ## - KONU KATMA GİRİŞ - TOPİKAL DÖNEM
Topikal Süreli Veya Coğrafi Ad Giriş Elemanı Venedikliler
Genel Alt Bölümü Türkiye
Coğrafi Alt Bölümü İstanbul
650 ## - KONU KATMA GİRİŞ - TOPİKAL DÖNEM
Topikal Süreli Veya Coğrafi Ad Giriş Elemanı İtalyanlar
Genel Alt Bölümü İstanbul
Coğrafi Alt Bölümü Türkiye
700 ## - KATMA GİRİŞ - KİŞİSEL İSİM
Kişisel Ad Belge, Taciser Ulaş
942 ## - EKLENDİ GİRİŞ ELEMANLARI (KOHA)
Sınıflandırma Veya Raf Düzeni Kaynak
Koha Öğesi Türü Books
999 ## - SİSTEM KONTROL NUMARALARI (KOHA)
Koha Biblionumber 1483
Koha Biblioitemnumber 1483
Holdings
Kalıcı Konum Mevcut Konum Edinme Tarihi Edinim Kaynak Seri Numaralandırma / Kronolojik Toplam Check-Out'Lar Tam Çağrı Numarası Barkod Tarih Son Görülme İtibaren Geçerli Fiyatlar Koha Öğesi Türü
CHP Kütüphanesi CHP Kütüphanesi 08/16/2016 Bağış c.2   305.8951 D86i 2012 001281 08/16/2016 08/16/2016 Books